000 01047nam a2200241 a 4500
001 39946
003 BD-RjUL
005 20211209053111.0
008 160420s1967 bg |||| |||| 00| 0 ben d
020 _c: Tk. 6.50
035 _a(BD-RjUL)40060
040 _aBD-RjUL
_bben
_cBD-RjUL
041 _aben
082 _223
_a809
_bMAS 1967
100 _aমোরোয়া, আঁদ্রে
_9123039
245 _a আঁদ্রে মোরোয়া :
_bশিল্পীর সাধনা /
_c আঁদ্রে মোরোয়া, অনুবাদক: আবু জাফর সামসুদ্দীন
260 _aঢাকা :
_bবাংলা একাডেমী,
_c১৯৬৭
300 _a[৮], ৩৩৫ পৃ.;
_c২২ সেমি.
650 _aসাহিত্য
_xইতিহাস ও সমালোচনা
_y১৯ শতক
_9123040
650 _aLiterature
_xHistory and Criticism
_y19th
_9123041
700 _aসামসুদ্দীন, আবু জাফর
_9123042
942 _2ddc
_cBK
999 _c39946
_d39946